000 01423nam a2200301 a 4500
003 OSt
005 20250625105212.0
007 cr ||||||a|a|a
008 250618s2025 mx a|||fom||| 001 0 spa d
040 _erda
100 1 _aPérez Ramírez, José Ángel
_9190487
245 1 0 _a Descripción del crecimiento de conejos mediante el modelo no lineal de Gompertz-Laird/
_cpor José Ángel Pérez Ramírez; director de tesis Fernando González Cerón; secretario Diego Zarate Contreras; vocal Arturo Pro Martínez; suplente Cesar Gamboa Ramírez; suplente .
264 1 _aChapingo, México :
_bEl autor,
_c2024.
300 _a1 recurso en línea (38 páginas):
_bcuadros, figuras.
336 _2rdacontent
_atexto
_btxt
337 _2rdamedia
_acomputadora
_bc
338 _2rdacarrier
_arecurso en línea
_bcr
502 _bIAEZ
_cZootecnía
_d2024.
_gLIC
504 _aIncluye referencias bibliográficas: páginas 32-38.
650 4 _aConejos
_xEngorda
_926363
700 1 _aGonzález Cerón, Fernando
_edirector de tesis.
_948783
700 1 _aZárate Contreras, Diego
_9189326
_esecretario.
700 1 _aPro Martínez, Arturo
_991680
_evocal.
700 1 _aGamboa Ramírez, César
_944575
_esuplente.
700 1 _aMendoza Pedroza, Sergio Ibán
_esuplente.
_974719
856 _uhttp://10.13.5.2/tesis/tl/1611914-9_PEREZ_RAMIREZ_JOSEANGEL.pdf
_zDESCARGAR PDF
942 _2Clasificación Universidad Autónoma Chapingo
_cTD
999 _c220643
_d220643